| 000 | 00427nam a2200157Ia 4500 | ||
|---|---|---|---|
| 008 | 230312s9999||||xx |||||||||||||| ||und|| | ||
| 020 | _a0-471-0853-2 | ||
| 082 |
_a515.35 _bBOY-E |
||
| 100 | _aBoyce William , E. | ||
| 245 | 0 | _aElementary Differential Equations | |
| 260 |
_bJohn Wiley & Sons _aNew York _c1997 |
||
| 300 | _a592 | ||
| 546 | _aEng. | ||
| 650 |
_aEconomics _vLinear Equations , Separable Equations |
||
| 942 | _cBK | ||
| 999 |
_c2133 _d2133 |
||